000 00298nam a22001217a 4500
008 181031b xxu||||| |||| 00| 0 eng d
041 _aeng
080 _210 TH
_a030
100 _a24
101 _aENC
245 _aEncyclopedia Of Carers And Vocational Guidance
_cBenet.C.M
942 _2udc
_cBK
999 _c51356
_d51356